000 00662nam a2200277Ia 4500
005 20260324144054.0
008 008 260324s9999 xx 000 0 eng d
020 _a9780429489464
037 _aEBOOK
040 _aCRL
040 _beng
040 _cCRL
041 _2eng
041 _aeng
084 _qCRL
100 _aEllen Perecman
_91217973
245 0 _aIntegrating Theory and Practice in Clinical Neuropsychology
260 _bTaylor and Francis
260 _c1989
365 _a
365 _b230
856 _uhttp://www.taylorfrancis.com/books/9780429489464
942 _cEBOOK
999 _c1824144
_d1824144